| 000 | 00837nam a22002295i 4500 | ||
|---|---|---|---|
| 001 | 176426 | ||
| 003 | ES-MaACL | ||
| 005 | 20230906220059.0 | ||
| 008 | 110114s1969 sp b |||| | spa d | ||
| 080 | _a27-249 | ||
| 100 | 0 |
_aWikenhauser, Alfred. _9116800 |
|
| 245 | 1 | 3 |
_aEl Apocalipsis de San Juan / _cAlfred Wikenhauser ; [versión castellana de Florencio Galindo]. |
| 260 |
_aBarcelona : _bHerder, _c1969. |
||
| 300 |
_a273, [2] p. de mapas ; _c22 cm. |
||
| 490 | 1 |
_aBiblioteca Herder. Sección de Sagrada Escritura ; _v100 |
|
| 500 | _aÍndice. | ||
| 630 | 0 | 4 |
_aBiblia. _pN.T. _pApocalipsis- _xCrítica e interpretación. _9144760 |
| 700 | 1 |
_aGalindo, Florencio. _953433 |
|
| 830 | 0 |
_aBiblioteca Herder. Sección de Sagrada Escritura ; _v100 _9186862 |
|
| 852 |
_aES-MaACL _jE-14056 _xOlim P-1228 |
||
| 999 |
_c176426 _d176426 |
||